Handbook of water and wastewater treatment technology (Record no. 395745)

MARC details
000 -LEADER
fixed length control field 00567 a2200205 4500
005 - DATE & TIME
control field 20260417132051.0
008 - FIXED-LENGTH DATA ELEMENTS--GENERAL INFORMATION
fixed length control field 260417b |||||||| |||| 00| 0 eng d
020 ## - ISBN
International Standard Book Number 9781498771900
Price Rs. 9995.00
040 ## - CATALOGING SOURCE
Original cataloging agency VIVEKANANDA LIBRARY
082 ## - DDC NUMBER
Classification number 628.1
Book Number C422H
100 ## - MAIN ENTRY--PERSONAL NAME
Personal name Cheremisinoff, Paul N
245 ## - TITLE STATEMENT
Title Handbook of water and wastewater treatment technology
260 ## - PUBLICATION, DISTRIBUTION, ETC. (IMPRINT)
Name of publisher, distributor, etc CRC Press
Date of publication, distribution, etc 2018
Place of publication, distribution, etc London
300 ## - PHYSICAL DESCRIPTION
Pages vi, 833
650 ## - Subject
Subject Environmental Engineering
650 ## - Subject
Subject Water Supply
650 ## - Subject
Subject Sanitary
650 ## - Subject
Subject Wastewater Treatment Technology
942 ## - ADDED ENTRY ELEMENTS (KOHA)
Koha item type Books
Holdings
Withdrawn status Lost status Source of classification or shelving scheme Damaged status Not for loan Location (home branch) Sublocation or collection (holding branch) Shelving location Date acquired Koha issues (times borrowed) Koha full call number Accession No. Koha date last seen Koha item type
    Dewey Decimal Classification     VIVEKANANDA LIBRARY VIVEKANANDA LIBRARY Vivekananda Library 25/03/2026   628.1 C422H 438895 25/03/2026 Books
© Designed and Maintained by Vivekananda Library, MDU Rohtak